Wie ich den Bären taufte geschichten aus dem Zoo

Bibliographic Details
Main Author: Moric, Rudo, 1921-1985 (Author)
Other Authors: Jelínková, Eliška, 1922- (Translator), Krásl, Jiří, 1928-2004 (Illustrator)
Format: Book
Language:German
Slovak
PhysicalDescription:62, [2] s. ilustr. 4°
Published: Bayrauth Gondrom Verl. 1979
Subjects:

MARC

LEADER 00000nam a2200000 a 4500
001 vtls010620790
003 SK-MaSNL
005 20260301051759.0
008 250313s1979 gw a j 000 j ger
015 |a SNBA1979 
035 |a B4B672AF-2577-4C37-A2C4-608936D43B09 
035 |a urn:nbn:sk:snk-amjzbs 
035 |a urn:nbn:sk:snk-am0080zn 
040 |a SNK  |b slo  |c SNK  |e AACR2 
041 1 |a ger  |h slo 
044 |a gw  |c DE 
080 |a 885.4-3(087.5)=30  |2 1981 
100 1 |a Moric, Rudo,  |d 1921-1985  |4 aut  |9 86508 
240 1 0 |a Ako som krstil medveďa  |l Nemecky 
245 1 0 |a Wie ich den Bären taufte  |b geschichten aus dem Zoo  |c Rudo Moric ; illustr. von Jiří Krásl ; übersetzt von Eliška Jelínková 
260 |a Bayrauth  |b Gondrom Verl.  |c 1979 
300 |a 62, [2] s.  |b ilustr.  |c 4° 
655 7 |a slovenské rozprávky  |2 SNKPH  |9 70528 
655 7 |a publikácie pre deti  |2 SNKPH  |9 70148 
700 1 |a Jelínková, Eliška,  |d 1922-  |4 trl  |9 185301 
700 1 |a Krásl, Jiří,  |d 1928-2004  |4 ill  |9 61040 
852 |a Slovenská národná knižnica 
954 |a beletria pôvodná (slovenská)  |2 lita 
958 |a TL 
958 |a UP 
958 |a DB 
958 |a LX 
958 |a OND 
999 |c 604265  |d 606195 
952 |a SNK  |b SNK  |y PREZ  |7 0  |p 17A0972723  |o snkSB 29031  |i snkKSP 8088/80  |0 0  |1 0  |4 0  |d 2014-09-18  |f 1  |l 0  |r 2025-04-03 00:00:00  |w 2026-02-23 
952 |a SNK  |b SNK  |y VYP  |7 0  |o snkSB 29031 D1  |i snkKSP 8089/80  |0 0  |1 0  |4 0  |d 2014-09-18  |l 0  |r 2026-02-23 16:04:29  |w 2026-02-23